| 000 | 00338nam a2200109Ia 4500 | ||
|---|---|---|---|
| 008 | 171211s9999 xx 000 0 und d | ||
| 245 | _aDibujo y Proyecto, Segunda Edicion Ampliada | ||
| 245 | _cFrancis D. K., Juroszek, and Steven P. Ching | ||
| 260 | _c2012 | ||
| 650 | _xDesign | ||
| 856 | _uhttp://down.ebook777.com/062/9788425225079.pdf | ||
| 999 |
_c347920 _d347920 |
||